| 000 | 01769nam a2200241Ia 4500 | ||
|---|---|---|---|
| 008 | 260220t1970||||xx |||||||||||||| ||spa|| | ||
| 040 |
_aPY-SlUNAC _bspa _erda |
||
| 041 | _aspa | ||
| 082 |
_a512.13 _bV277a |
||
| 100 |
_aVance, Elbridge P. _eAutor |
||
| 245 | 0 |
_aÁlgebra y trigonometría moderna / _cpor Elbridge P. Vance [Autor] |
|
| 264 |
_aBogotá : _bInteramericano, _c℗1970. |
||
| 300 | _a374 páginas | ||
| 520 | _aElbridge P. Vance, en su obra "Álgebra y trigonometría moderna", presenta un enfoque integral y sistemático sobre las bases de estas dos ramas fundamentales de las matemáticas. A lo largo de los capítulos, el autor aborda conceptos esenciales como las funciones, ecuaciones, desigualdades, y polinomios, proporcionando una sólida comprensión teórica y práctica. Vance también explora las aplicaciones de la trigonometría en contextos tanto académicos como en la vida cotidiana, destacando la importancia de las identidades trigonométricas y las funciones circulares. El texto se caracteriza por su claridad expositiva y la inclusión de numerosos ejemplos y ejercicios que facilitan el aprendizaje autodidacta. Además, se presentan técnicas de resolución de problemas que preparan al lector para enfrentar desafíos matemáticos más complejos. Este libro, publicado en 1970 y distribuido por Interamericano en Bogotá, se ha consolidado como un recurso valioso para estudiantes de diversas disciplinas que buscan fortalecer sus habilidades en álgebra y trigonometría. | ||
| 653 | _aÁlgebra | ||
| 653 | _aMatemáticas | ||
| 653 | _aTrigonometría | ||
| 942 |
_b2026/02/17 _cBK |
||
| 999 |
_c7460 _d7460 |
||